Island Countries - Sudden Death - Statistics

General Stats
  • This quiz has been taken 2,505 times
  • The average score is 15 of 20
Answers on the Grid
Answers color-coded by a green-red scale on the quiz's grid according to % correct below.
Madagascar
Philippines
Cuba
Sri Lanka
Haiti
Fiji
East Timor
Vanuatu
Cyprus
Brunei
Cape Verde
São Tomé and Príncipe
Bahrain
Tonga
Singapore
St. Lucia
Antigua and Barbuda
Grenada
Malta
Tuvalu
San Marino
Estonia
Cambodia
Qatar
Armenia
Panama
Costa Rica
Uruguay
Equatorial Guinea
Guinea Bissau
Djibouti
Burundi
Thailand
Bhutan
Sudan
Sierra Leone
Gambia
Togo
Eswatini
Guyana
 
Answer Stats
Answer % Correct
Fiji
83%
Malta
80%
Philippines
80%
St. Lucia
80%
Cuba
79%
Cyprus
79%
Haiti
78%
Sri Lanka
78%
Antigua and Barbuda
77%
Madagascar
77%
Tuvalu
77%
São Tomé and Príncipe
76%
Vanuatu
76%
Cape Verde
75%
Tonga
73%
Grenada
71%
East Timor
66%
Singapore
66%
Brunei
56%
Bahrain
55%
No matching quizzes found
Score Distribution
Percent of People with Each Score
Percentile by Number Answered
Your Score History
You have not taken this quiz